Normal view
MARC view
Entry Personal Name
001 - CONTROL NUMBER
- control field: 24073
003 - CONTROL NUMBER IDENTIFIER
- control field: dpl
005 - DATE AND TIME OF LATEST TRANSACTION
- control field: 20101030155117.0
008 - FIXED-LENGTH DATA ELEMENTS
- fixed length control field: 101030|||a|||||| | ||| d
040 ## - CATALOGING SOURCE
- Original cataloging agency: dpl
- Transcribing agency: dpl
100 ## - HEADING--PERSONAL NAME
- Personal name: विराणी,पिंकी
670 ## - SOURCE DATA FOUND
- Source citation: Work cat.: (dpl): विराणी,पिंकी 23013, अरूणाची गोष्ट /, 2010
670 ## - SOURCE DATA FOUND
- Source citation: Work cat.: (dpl): विराणी,पिंकी 23013, अरूणाची गोष्ट /, 2010
